Sociálne zabezpečenie v kontexte očakávaného vývoja a zmien

Proces globalizácie a jeho vplyv na systémy sociálneho zabezpečenia v Európe. Reforma systému sociálneho zabezpečenia na Slovensku a vplyv globalizácie na tento proces. Úloha aktuárskych výpočtov v dôchodkových systémoch.

Gespeichert in:
Bibliographische Detailangaben
1. Verfasser: Škrovánková, Lea, 1954-
Weitere Verfasser: Bilíková, Mária, 1951-
Format: Buchkapitel
Sprache:Slowakisch
Schlagworte:
Tags: Tag hinzufügen
Keine Tags, Fügen Sie das erste Tag hinzu!

MARC

LEADER 00000naa$a2200000$$$4500
001 0014417
005 20240502071400.0
041 0 |a slo 
044 |a SK 
245 1 0 |a Sociálne zabezpečenie v kontexte očakávaného vývoja a zmien  |c aut. Lea Škrovánková, Mária Bilíková 
520 |a Proces globalizácie a jeho vplyv na systémy sociálneho zabezpečenia v Európe. Reforma systému sociálneho zabezpečenia na Slovensku a vplyv globalizácie na tento proces. Úloha aktuárskych výpočtov v dôchodkových systémoch. 
610 2 0 |a zabezpečenie sociálne 
610 2 0 |a metódy aktuárske 
610 2 0 |a globalizácia 
610 2 0 |a Európa 
610 2 0 |a reformy sociálne 
610 2 0 |a Slovensko 
610 2 0 |a systémy dôchodkové 
100 1 |a Škrovánková, Lea, 1954- 
700 1 |a Bilíková, Mária, 1951-